Essays on contemporary English poetry ; Hopkins to the present day.

Bibliographic Details
Main Author: Thwaite, Anthony
Format: Book
Language:English
Published: Tokyo : Kenkyusha, [1957]
Subjects:

MARC

Tag First Indicator Second Indicator Subfields
LEADER 00000cam a2200000 4500
001 in00000034781
005 20151007063406.0
008 780425s1957 ja c b 00000 eng
010 |a a 58005512  
035 |a (OCoLC)03828052 
035 |9 AAD7290AM 
040 |a TLM  |c TLM  |d TXA  |d UtOrBLW 
049 |a TXAM  |c [340172] 
050 0 |a PR603 
090 |a PR603  |b .T58 
092 |a 820.9  |b T548e 
100 1 |a Thwaite, Anthony. 
245 1 0 |a Essays on contemporary English poetry ;  |b Hopkins to the present day. 
264 1 |a Tokyo :  |b Kenkyusha,  |c [1957] 
264 4 |c [©1957] 
300 |a viii, 222 pages :  |b portrait ;  |c 19 cm. 
336 |a text  |b txt  |2 rdacontent 
337 |a unmediated  |b n  |2 rdamedia 
338 |a volume  |b nc  |2 rdacarrier 
504 |a "Select bibliography": pages 217-222. 
650 0 |a English poetry  |y 20th century  |x History and criticism. 
999 |a MARS 
999 f f |s 1f9a297e-16fa-3668-9a15-f59476787eb6  |i ad762ba3-b0e5-3e72-a239-e71b44707d60  |t 0 
952 f f |p ric  |a Texas A&M University  |b Rellis Campus  |c Joint Library Facility  |d Remote Storage  |t 0  |e PR603 .T58  |h Library of Congress classification  |i unmediated -- volume  |m A14801273849 
998 f f |a PR603 .T58  |t 0  |l Remote Storage